<?xml version="1.0" encoding="UTF-8"?><?xml-stylesheet type="text/xsl" href="static/style.xsl"?><OAI-PMH xmlns="http://www.openarchives.org/OAI/2.0/" xmlns:xsi="http://www.w3.org/2001/XMLSchema-instance" xsi:schemaLocation="http://www.openarchives.org/OAI/2.0/ http://www.openarchives.org/OAI/2.0/OAI-PMH.xsd"><responseDate>2026-04-14T13:17:08Z</responseDate><request verb="GetRecord" identifier="oai:uvadoc.uva.es:10324/7994" metadataPrefix="marc">https://uvadoc.uva.es/oai/request</request><GetRecord><record><header><identifier>oai:uvadoc.uva.es:10324/7994</identifier><datestamp>2021-09-28T08:57:38Z</datestamp><setSpec>com_10324_38</setSpec><setSpec>col_10324_852</setSpec></header><metadata><record xmlns="http://www.loc.gov/MARC21/slim" xmlns:doc="http://www.lyncode.com/xoai" xmlns:xsi="http://www.w3.org/2001/XMLSchema-instance" xmlns:dcterms="http://purl.org/dc/terms/" xsi:schemaLocation="http://www.loc.gov/MARC21/slim http://www.loc.gov/standards/marcxml/schema/MARC21slim.xsd">
<leader>00925njm 22002777a 4500</leader>
<datafield tag="042" ind1=" " ind2=" ">
<subfield code="a">dc</subfield>
</datafield>
<datafield tag="720" ind1=" " ind2=" ">
<subfield code="a">Martínez Cagigal, Víctor</subfield>
<subfield code="e">author</subfield>
</datafield>
<datafield tag="260" ind1=" " ind2=" ">
<subfield code="c">2014</subfield>
</datafield>
<datafield tag="520" ind1=" " ind2=" ">
<subfield code="a">El electroencefalograma (EEG) fue desarrollado por Hans Berger en 1929 y las ondas cerebrales, hasta entonces desconocidas, fueron investigadas durante el siglo XX como ayuda para el diagnóstico de la epilepsia o diversos trastornos del sueño. Durante este periodo de tiempo se especuló sobre utilizar las señales EEG para desarrollar un sistema de comunicación entre el cerebro y el medio sin la intervención de los mecanismos normales de los nervios y los músculos periféricos. Ese sistema surgió a cargo de Dr. Jacques Vidal en 1977 y se bautizó como Brain Computer Interface (BCI). Estos tipos de sistemas se basan en monitorizar la actividad cerebral y traducir determinadas características, correspondientes a las intenciones del usuario, en comandos de un dispositivo. El objetivo del presente trabajo es el de diseñar y desarrollar una aplicación BCI que permita, a las personas con grave discapacidad, navegar por Internet libremente mediante el uso de sus ondas cerebrales.</subfield>
</datafield>
<datafield tag="024" ind2=" " ind1="8">
<subfield code="a">http://uvadoc.uva.es/handle/10324/7994</subfield>
</datafield>
<datafield ind1=" " ind2=" " tag="653">
<subfield code="a">Ingeniería biomédica</subfield>
</datafield>
<datafield ind1=" " ind2=" " tag="653">
<subfield code="a">Señal, Teoría de la (Telecomunicaciones)</subfield>
</datafield>
<datafield ind1=" " ind2=" " tag="653">
<subfield code="a">Brain Computer Interface</subfield>
</datafield>
<datafield tag="245" ind1="0" ind2="0">
<subfield code="a">Diseño y desarrollo de una aplicación para navegar por Internet mediante sistemas Brain Computer Interface orientada a personas con grave discapacidad</subfield>
</datafield>
</record></metadata></record></GetRecord></OAI-PMH>